| 000 | 01590nam a22003257a 4500 | ||
|---|---|---|---|
| 001 | 0011630 | ||
| 003 | DO-SdBPM | ||
| 005 | 20251104110421.0 | ||
| 007 | ta | ||
| 008 | 161017b2007 sp | |||| 00| 0 spa d | ||
| 020 | _a9788478719099 | ||
| 040 |
_aDO-SdBPM _bspa _cBPMSU _erda |
||
| 082 | 4 |
_a611.8 _bB862c 2007 _222 |
|
| 100 | 1 |
_aBrizendine, Louann _eautor |
|
| 245 | 1 | 0 |
_aEl cerebro femenino : _buna guía fresca e iluminadora sobre las mujeres, una lectura indispensable para los hombres / _cLouann Brizendine ; traducción María José Buxó ; |
| 250 | _b7a. ed. | ||
| 264 |
_aBarcelona : _bMundilibros, _c2007 |
||
| 300 |
_a286 páginas : _bilustraciones ; _c 26 cm. _e |
||
| 336 |
_atexto _btxt _2rdacontent |
||
| 337 |
_asin mediación _bn _2rdamedia |
||
| 338 |
_avolumen _bnc _2rdacarrier |
||
| 505 | 0 | _aIntroducción 23 -- Lo que nos hace mujeres -- El nacimiento del cerebro femenino 33 -- El cerebro del adolescente 53 -- Amor y confianza 79 -- Sexo : el cerebro por debajo de la cintura 99 -- El cerebro de mamá 117 -- Emociones : el cerebro de la mujer madura 157 -- El futuro del cerebro femenino 181 -- El cerebro femenino y la terapia hormonal 185 -- El cerebro femenino y la depresión posparto 201 -- El cerebro femenino y la orientación sexual 205 --Notas 207 -- Bibliografía 225 -- Índice analítico. | |
| 590 | _aInventariado, 2025/VM | ||
| 650 | 7 | _aNeurociencias. | |
| 650 | 7 |
_aAnatomía humana _v |
|
| 650 | 7 | _aNeuropsicología | |
| 700 | 1 |
_a Buxó, María José _eprólogo |
|
| 910 | _aVMateo V. Control de calidad BPMSU | ||
| 942 |
_2ddc _cBK |
||
| 999 |
_c15489 _d15489 |
||